Friends and Lovers Quiz Stats

 Plays Quiz Updated May 14, 2018

Score 0/38 Timer 06:00
4 Plays Today
% Correct
Monica
84.2%
Ross
82.8%
Ross
82.2%
Rachel
81.5%
Rachel
81%
Phoebe
80.6%
Rachel
79.8%
Monica
79.8%
Joey
78.7%
Rachel
78.1%
Ross
77.4%
Monica
76.7%
Phoebe
76.2%
Rachel
75.2%
Ross
74.5%
Ross
73.9%
Rachel
70.7%
Monica
69.6%
Monica
68.8%
% Correct
Ross
67.3%
Phoebe
66.3%
 Joey and Chandler
65.8%
Phoebe
63.6%
Joey
61.4%
Ross
61.3%
Rachel
61%
Rachel
60.7%
Joey
57.2%
Phoebe
57%
Phoebe
56.6%
 Joey and Ross
55.9%
 Chandler and Ross
53.1%
Joey
48.4%
Ross
48.4%
Monica
48.4%
Monica
44.8%
Monica
43%
Chandler
40.8%

You're not logged in!

Compare scores with friends on all Sporcle quizzes.
OR
Log In

Sporcle TV

Today on Sporcle TV


Watch our educational content, quiz creation guides, and fun videos on Sporcle TV.

Show Comments

Extras

Top Quizzes Today


Score Distribution

Your Account Isn't Verified!

In order to create a playlist on Sporcle, you need to verify the email address you used during registration. Go to your Sporcle Settings to finish the process.

Report this User

Report this user for behavior that violates our Community Guidelines.

Details: